[Event "Collado Villalba op-B 36th"]
[Site "Collado Villalba"]
[Date "2019.08.30"]
[Round "8"]
[White "Gonzalez Dominguez, Carlos"]
[Black "Olmedo Aznar, Mario"]
[Result "1-0"]
[WhiteElo "1807"]
[BlackElo "1163"]
[PlyCount "97"]
[EventDate "2019.08.23"]
[EventType "swiss"]
[EventRounds "9"]
[EventCountry "ESP"]
[SourceTitle "CBM 192 Extra"]
[Source "Chessbase"]
[SourceDate "2019.11.06"]
[SourceVersion "1"]
[SourceVersionDate "2019.11.06"]
[SourceQuality "1"]

1. d4 e6 2. c4 d5 3. Nc3 Nf6 4. Nf3 h6 5. e3 Be7 6. Bd3 0-0 7. b3 c5 8. 0-0 Nc6 9. Bb2 Bd7 10. a3 Rc8 11. Rc1 b6 12. cxd5 Nxd5 13. Nxd5 exd5 14. dxc5 Bxc5 15. Ba6 Rc7 16. b4 Be7 17. Qxd5 Be6 18. Qxd8 Rxd8 19. b5 Bc5 20. bxc6 Rxc6 21. Nd4 Bxd4 22. Bxd4 Rcd6 23. Rc7 Ra8 24. Bb7 Rb8 25. Bf3 Rd7 26. Rfc1 g6 27. Rxd7 Bxd7 28. Rc7 Rc8 29. Rxc8+ Bxc8 30. Be2 h5 31. a4 Kf8 32. Be5 Ke7 33. Bb8 a5 34. Bc7 Bd7 35. Bb5 Bc8 36. Bxb6 Bb7 37. Bxa5 Ba8 38. f3 Ke6 39. Bc3 Ke7 40. Kf2 Kd6 41. e4 Ke7 42. g3 Kd6 43. Ke3 Ke7 44. a5 Kd6 45. Bd4 Ke7 46. a6 Kd6 47. a7 Ke7 48. Bc4 Bb7 49. Bd5 1-0

[Event "Collado Villalba op-B 20th"]
[Site "Collado Villalba"]
[Date "2003.08.27"]
[Round "6"]
[White "Sanchez Gomez, Emiliano"]
[Black "Gonzalez Dominguez, Carlos"]
[Result "1/2-1/2"]
[WhiteElo "1955"]
[BlackElo "1990"]
[PlyCount "51"]
[EventDate "2003.08.22"]
[EventType "swiss"]
[EventRounds "9"]
[EventCountry "ESP"]
[SourceTitle "EXT 2004"]
[Source "ChessBase"]
[SourceDate "2003.11.25"]
[SourceVersion "1"]
[SourceVersionDate "2003.11.25"]
[SourceQuality "1"]

1. e4 c5 2. c3 d6 3. d4 cxd4 4. cxd4 e6 5. Nf3 Nf6 6. Nc3 Be7 7. Be2 0-0 8. 0-0 a6 9. Be3 b5 10. Bd3 b4 11. Ne2 Bb7 12. Ng3 Nbd7 13. Qe2 Ng4 14. Bd2 a5 15. h3 Ngf6 16. Nh2 Rc8 17. f4 Ne8 18. f5 Bh4 19. Qg4 Bxg3 20. Qxg3 e5 21. d5 Nc5 22. Bc2 Ba6 23. Rf2 f6 24. Re1 Qd7 25. Bc1 Qb5 26. Rf3 1/2-1/2